|
|
|
|
| LEADER |
00000nla2a2200000 4500 |
| 001 |
656945 |
| 005 |
20240111105302.0 |
| 035 |
|
|
|a (RuTPU)RU\TPU\network\23425
|
| 035 |
|
|
|a RU\TPU\network\23413
|
| 090 |
|
|
|a 656945
|
| 100 |
|
|
|a 20171221d2017 k y0rusy50 ba
|
| 101 |
0 |
|
|a eng
|
| 102 |
|
|
|a RU
|
| 105 |
|
|
|a a z 101zy
|
| 135 |
|
|
|a drgn ---uucaa
|
| 181 |
|
0 |
|a i
|
| 182 |
|
0 |
|a b
|
| 200 |
1 |
|
|a Structural and mechanical degradation of 09Mn2Si pipe steel after long-term operation
|f S. V. Panin [et al.]
|
| 203 |
|
|
|a Text
|c electronic
|
| 225 |
1 |
|
|a Неустойчивость и локализация деформации и разрушения в материалах с иерархической структурой
|
| 300 |
|
|
|a Заглавие с экрана
|
| 463 |
|
1 |
|0 (RuTPU)RU\TPU\network\23304
|t Перспективные материалы с иерархической структурой для новых технологий и надежных конструкций
|o тезисы докладов Международной конференции, 9-13 октября 2017 г., Томск
|f Российская академия наук (РАН), Сибирское отделение (СО), Институт физики прочности и материаловедения (ИФПМ)
|v [С. 108-109]
|d 2017
|
| 610 |
1 |
|
|a электронный ресурс
|
| 610 |
1 |
|
|a труды учёных ТПУ
|
| 610 |
1 |
|
|a деградация
|
| 610 |
1 |
|
|a стали
|
| 610 |
1 |
|
|a механическое состояние
|
| 610 |
1 |
|
|a нефтегазопроводы
|
| 610 |
1 |
|
|a трещины
|
| 610 |
1 |
|
|a износ
|
| 610 |
1 |
|
|a климатические условия
|
| 610 |
1 |
|
|a деформационное старение
|
| 701 |
|
1 |
|a Panin
|b S. V.
|c specialist in the field of material science
|c Professor of Tomsk Polytechnic University, Doctor of technical sciences
|f 1971-
|g Sergey Viktorovich
|3 (RuTPU)RU\TPU\pers\32910
|9 16758
|
| 701 |
|
1 |
|a Marushchak
|b P. O.
|
| 701 |
|
1 |
|a Vlasov
|b I. V.
|c specialist in the field of material science
|c Engineer of Tomsk Polytechnic University
|f 1988-
|g Ilya Viktorovich
|3 (RuTPU)RU\TPU\pers\33560
|
| 701 |
|
1 |
|a Eremin
|b A. V.
|c specialist in the field of material science
|c Engineer of Tomsk Polytechnic University
|f 1990-
|g Alexandr Vyacheslavovich
|3 (RuTPU)RU\TPU\pers\32912
|
| 701 |
|
1 |
|a Byakov
|b A. V.
|c specialist in the field of material science
|c engineer of Tomsk polytechnical university, Candidate of Technical Sciences
|f 1985-
|g Anton Viktorovich
|3 (RuTPU)RU\TPU\pers\35461
|
| 701 |
|
1 |
|a Berto
|b F.
|
| 701 |
|
1 |
|a Vinogradov
|b A. Yu.
|
| 701 |
|
1 |
|a Syromyatnikova
|b A. S.
|
| 701 |
|
1 |
|a Stankevich
|b R.
|
| 712 |
0 |
2 |
|a Национальный исследовательский Томский политехнический университет (ТПУ)
|b Институт физики высоких технологий (ИФВТ)
|b Кафедра материаловедения в машиностроении (ММС)
|3 (RuTPU)RU\TPU\col\18688
|
| 801 |
|
1 |
|a RU
|b 63413507
|c 20101016
|
| 801 |
|
2 |
|a RU
|b 63413507
|c 20171221
|g RCR
|
| 856 |
4 |
|
|u http://www.ispms.ru/files/Conference/2017_m/sb_tez_2017.pdf#page=108
|
| 942 |
|
|
|c CF
|